Music Quiz

Random Music or Year Quiz

'90s Songs by Initials Quiz Stats

Quiz Updated Mar 29, 2015

Challenge
Share
Tweet
Embed
Score 0/28 Timer 06:00
5 Plays Today
Initials Song % Correct
IIBIce Ice Baby
97.2%
NC2UNothing Compares 2 U
79.8%
LLVLLivin' la Vida Loca
77.3%
MHWGOMy Heart Will Go On
76.5%
WWannabe
71%
IDAFL (BIWDT)I'd Do Anything For Love (But I Won't Do That)
67.8%
GJWIGettin' Jiggy Wit It
67.2%
...BOMT...Baby One More Time
66.2%
IDWTMATI Don't Want to Miss a Thing
65.3%
WAMLAWWhen a Man Loves a Woman
49.8%
NDNo Diggity
48.2%
DLTSGDOMDon't Let the Sun Go Down On Me
45.2%
IBMYI'll Be Missing You
40.3%
BBBBills, Bills, Bills
39.7%
Initials Song % Correct
TIHWDIThis Is How We Do It
38.7%
AFLAll For Love
34.8%
YANAYou Are Not Alone
33.4%
ABMBAlways Be My Baby
30.7%
OBKOn Bended Knee
29.5%
STBFLSave the Best For Last
26.8%
HYERLAWHave You Ever Really Loved a Woman?
24.5%
AWNWA Whole New World
24.3%
TCTha Crossroads
23.4%
HDYTTAAHow Do You Talk to an Angel
19.3%
TTWLGThat's the Way Love Goes
19.2%
BNGBump 'n Grind
16%
CNHMDCan't Nobody Hold Me Down
12%
IBTAYI've Been Thinking About You
11.6%

You're not logged in!

Compare scores with friends on all Sporcle quizzes.
Join for Free
OR
Log In

You Might Also Like...

Show Comments

Extras

Top Quizzes Today


Score Distribution

Your Account Isn't Verified!

In order to create a playlist on Sporcle, you need to verify the email address you used during registration. Go to your Sporcle Settings to finish the process.

Report this User

Report this user for behavior that violates our Community Guidelines.

Details: